[Event "Alberta-ch"]
[Site "Calgary CAN"]
[Date "2000.04.22"]
[Round "5"]
[White "Gardner, Robert"]
[Black "Yearwood, Roy"]
[Result "1-0"]
[WhiteElo "2310"]
[BlackElo "2200"]
[PlyCount "129"]
[GameId "2160767911724604"]
[EventDate "2000.04.20"]
[EventType "tourn"]
[EventRounds "7"]
[EventCountry "CAN"]

1. e4 e5 2. Nf3 Nc6 3. d4 exd4 4. Nxd4 Nf6 5. Nxc6 bxc6 6. e5 Ne4 7. Bd3 Nc5 8. O-O Nxd3 9. Qxd3 Qh4 10. Nc3 a5 11. Ne4 Be7 12. b3 O-O 13. Bb2 Ba6 14. c4 d5 15. exd6 cxd6 16. Rfe1 Rfd8 17. Ng3 Bf8 18. Re4 Qh6 19. Nf5 Qg6 20. Qf3 Bc8 21. Nh4 Qg5 22. Rae1 d5 23. cxd5 cxd5 24. Rd4 Be6 25. Bc1 Qe7 26. Nf5 Qf6 27. Rf4 g5 28. Rg4 h6 29. Nxh6+ Qxh6 30. Rxg5+ Bg7 31. Rg3 Qh4 32. Bb2 d4 33. Re4 Qh7 34. Bxd4 Rac8 35. h3 Rxd4 36. Rxd4 Kf8 37. Rd1 Qc2 38. Qd3 Be5 39. Re3 Bf4 40. Rf3 Qxd3 41. Rfxd3 Rc2 42. Rd4 Bg5 43. f4 Be7 44. R4d2 Bc5+ 45. Kh2 Rxd2 46. Rxd2 Be3 47. Rc2 Bxf4+ 48. g3 Bd6 49. Rc6 Be5 50. Rc5 Bd6 51. Rxa5 Ke7 52. Ra4 Kf6 53. b4 Bd7 54. Ra7 Be6 55. b5 Ke5 56. b6 Ke4 57. b7 Kf3 58. Ra3+ Kf2 59. Rd3 Bb8 60. a4 f5 61. Rd2+ Kf3 62. Rd3+ Kf2 63. Rd2+ Kf3 64. Rd8 Bxg3+ 65. Kh1 1-0

[Event "Alberta-ch"]
[Site "Calgary CAN"]
[Date "2000.04.22"]
[Round "5"]
[White "Haessel, Dale"]
[Black "Huber, Gregory"]
[Result "0-1"]
[WhiteElo "2240"]
[BlackElo "2335"]
[PlyCount "62"]
[GameId "2160767911724605"]
[EventDate "2000.04.20"]
[EventType "tourn"]
[EventRounds "7"]
[EventCountry "CAN"]

1. c4 e6 2. g3 d5 3. Bg2 Nf6 4. Nf3 c5 5. cxd5 exd5 6. d4 Nc6 7. O-O Be7 8. dxc5 Bxc5 9. Nc3 O-O 10. Qb3 d4 11. Na4 Bb6 12. Rd1 Qe7 13. Nxb6 axb6 14. Qxb6 Qxe2 15. Re1 Qc4 16. b3 Ra6 17. bxc4 Rxb6 18. Rd1 Rd8 19. Bf4 Ra6 20. a4 Be6 21. Be5 d3 22. Rab1 Rd7 23. c5 Rxa4 24. Bd6 Ne4 25. Ne5 Nxe5 26. Bxe5 Nxc5 27. Rbc1 Rc4 28. Rb1 Bg4 29. f3 Bf5 30. g4 Bg6 31. f4 Be4 0-1

[Event "Alberta-ch"]
[Site "Calgary CAN"]
[Date "2000.04.22"]
[Round "5"]
[White "Odachowski, Arthur"]
[Black "Hughey, Micah"]
[Result "1-0"]
[WhiteElo "2305"]
[BlackElo "2080"]
[PlyCount "63"]
[GameId "2160767911724606"]
[EventDate "2000.04.20"]
[EventType "tourn"]
[EventRounds "7"]
[EventCountry "CAN"]

1. d4 d5 2. c4 e6 3. Nc3 c5 4. cxd5 exd5 5. Nf3 Nc6 6. g3 Nf6 7. Bg2 Be7 8. O-O O-O 9. Be3 cxd4 10. Nxd4 Bg4 11. h3 Be6 12. Rc1 Qd7 13. Kh2 Rfe8 14. Nxc6 bxc6 15. Na4 Rab8 16. Bc5 Ne4 17. Bxe4 dxe4 18. Qxd7 Bxd7 19. b3 Bxc5 20. Nxc5 Bf5 21. Rfd1 Rbd8 22. g4 Bg6 23. Nd7 Rc8 24. Rd6 Re6 25. Rxe6 fxe6 26. Ne5 Be8 27. Rc4 Rd8 28. Rxe4 Rd2 29. a3 Rb2 30. Re3 Ra2 31. b4 Kf8 32. f4 1-0

[Event "Alberta-ch"]
[Site "Calgary CAN"]
[Date "2000.04.22"]
[Round "5"]
[White "Olson, Hans"]
[Black "Ottosen, David"]
[Result "0-1"]
[WhiteElo "2025"]
[BlackElo "2160"]
[PlyCount "112"]
[GameId "2160767911724607"]
[EventDate "2000.04.20"]
[EventType "tourn"]
[EventRounds "7"]
[EventCountry "CAN"]

1. e4 d6 2. Nf3 g6 3. d4 Nf6 4. Nc3 Bg7 5. h3 O-O 6. Be3 Nbd7 7. Bc4 c6 8. Bb3 b5 9. e5 Ne8 10. e6 fxe6 11. Bxe6+ Kh8 12. Ng5 Nc7 13. Nf7+ Rxf7 14. Bxf7 e6 15. h4 Qe7 16. Qf3 Nf6 17. Bxg6 hxg6 18. Qxc6 Rb8 19. Qf3 Bb7 20. Qg3 b4 21. Ne2 Be4 22. Nf4 Nh5 23. Qxg6 Nxf4 24. Qxe4 Nfd5 25. h5 Nf6 26. Qf3 Ncd5 27. h6 Bf8 28. g4 Nxe3 29. fxe3 Ng8 30. h7 Nh6 31. Qf4 Qg7 32. g5 Nf5 33. O-O-O Be7 34. Rdg1 Rb5 35. Qe4 Rb8 36. g6 Qf6 37. Qf4 Bf8 38. Qf3 Bg7 39. Rh2 Rf8 40. Kb1 a5 41. c3 Bh6 42. e4 Bg7 43. exf5 bxc3 44. bxc3 exf5 45. Rb2 f4 46. Rg4 Qf5+ 47. Kc1 Re8 48. Kd1 Qh5 49. Rb7 Qh6 50. Rf7 Rb8 51. Qe4 f3 52. Re7 Qh1+ 53. Kd2 Rb2+ 54. Kd3 Qf1+ 55. Qe2 Rxe2 56. Rge4 Rxe4+ 0-1

[Event "Alberta-ch"]
[Site "Calgary CAN"]
[Date "2000.04.23"]
[Round "6"]
[White "Huber, Gregory"]
[Black "Olson, Hans"]
[Result "1-0"]
[WhiteElo "2335"]
[BlackElo "2025"]
[PlyCount "77"]
[GameId "2160767911724608"]
[EventDate "2000.04.20"]
[EventType "tourn"]
[EventRounds "7"]
[EventCountry "CAN"]

1. e4 e5 2. Nf3 Nc6 3. Bc4 Bc5 4. c3 Nf6 5. d3 d6 6. h3 h6 7. O-O O-O 8. Re1 Re8 9. Nbd2 Be6 10. b4 Bxc4 11. Nxc4 Bb6 12. a4 a6 13. Nxb6 cxb6 14. Qb3 Rc8 15. c4 Qc7 16. Bd2 Nb8 17. Be3 Nbd7 18. Nd2 Qc6 19. Nb1 a5 20. Nc3 axb4 21. Qxb4 Nc5 22. Bxc5 bxc5 23. Qb3 Ra8 24. Reb1 Reb8 25. Qc2 Ra6 26. Qb3 Kf8 27. Ra2 Ne8 28. Rf1 Nc7 29. f4 Ne6 30. f5 Nd4 31. Qd1 f6 32. g4 Qe8 33. h4 Rd8 34. g5 Rd7 35. Rg2 hxg5 36. hxg5 Rf7 37. Nd5 Qxa4 38. Qh5 Ke8 39. gxf6 1-0

[Event "Alberta-ch"]
[Site "Calgary CAN"]
[Date "2000.04.23"]
[Round "6"]
[White "Hughey, Micah"]
[Black "Yearwood, Roy"]
[Result "1/2-1/2"]
[WhiteElo "2080"]
[BlackElo "2200"]
[PlyCount "72"]
[GameId "2160767911724609"]
[EventDate "2000.04.20"]
[EventType "tourn"]
[EventRounds "7"]
[EventCountry "CAN"]

1. e4 e5 2. Nf3 Nc6 3. Bb5 Nf6 4. O-O Be7 5. Re1 d6 6. c3 O-O 7. h3 a6 8. Ba4 b5 9. Bc2 Re8 10. d4 Bf8 11. Nbd2 Bb7 12. d5 Ne7 13. b3 c6 14. c4 Rc8 15. Nf1 cxd5 16. cxd5 Ng6 17. g3 Qc7 18. Ne3 h6 19. Bd2 Ne7 20. Rc1 Qd7 21. Kh2 g6 22. Qe2 Bg7 23. Bd3 Rxc1 24. Rxc1 Rc8 25. Qd1 Rxc1 26. Qxc1 Bc8 27. Ng1 Kh7 28. Ba5 Ne8 29. Qc2 h5 30. a4 Bh6 31. axb5 axb5 32. Qe2 Nf6 33. Bb4 Qc7 34. Qc2 Qb6 35. Bd2 h4 36. g4 Bd7 1/2-1/2

[Event "Alberta-ch"]
[Site "Calgary CAN"]
[Date "2000.04.23"]
[Round "6"]
[White "Odachowski, Arthur"]
[Black "Haessel, Dale"]
[Result "1/2-1/2"]
[WhiteElo "2305"]
[BlackElo "2240"]
[PlyCount "61"]
[GameId "2160767911724610"]
[EventDate "2000.04.20"]
[EventType "tourn"]
[EventRounds "7"]
[EventCountry "CAN"]

1. d4 Nf6 2. c4 g6 3. Nc3 d5 4. cxd5 Nxd5 5. e4 Nxc3 6. bxc3 Bg7 7. Bb5+ c6 8. Ba4 a5 9. Bb3 a4 10. Bc2 b5 11. Ne2 c5 12. Be3 cxd4 13. cxd4 Nc6 14. Rb1 Qa5+ 15. Bd2 Qa6 16. d5 Ne5 17. O-O O-O 18. Nd4 Bd7 19. Bg5 Rfe8 20. Qe2 Rac8 21. Rfd1 Rc4 22. Kh1 h6 23. Bf4 Rec8 24. Rd2 b4 25. Rxb4 Qa7 26. Nc6 R8xc6 27. dxc6 Rxb4 28. Bxe5 Bxc6 29. Rd8+ Kh7 30. Bxg7 Kxg7 31. Qd2 1/2-1/2

[Event "Alberta-ch"]
[Site "Calgary CAN"]
[Date "2000.04.23"]
[Round "6"]
[White "Ottosen, David"]
[Black "Gardner, Robert"]
[Result "1/2-1/2"]
[WhiteElo "2160"]
[BlackElo "2310"]
[PlyCount "106"]
[GameId "2160767911724611"]
[EventDate "2000.04.20"]
[EventType "tourn"]
[EventRounds "7"]
[EventCountry "CAN"]

1. e4 c5 2. Nf3 Nc6 3. Nc3 g6 4. d4 cxd4 5. Nxd4 Bg7 6. Be3 Nf6 7. Be2 O-O 8. Nb3 b6 9. Qd2 Bb7 10. O-O-O a5 11. a4 Nb4 12. f3 d5 13. e5 Nd7 14. f4 Rc8 15. Bf3 e6 16. Kb1 Nc5 17. Rc1 Nxb3 18. cxb3 Ba6 19. Be2 Bxe2 20. Nxe2 Rb8 21. Nd4 Qd7 22. Nb5 Nc6 23. Qf2 f6 24. exf6 Bxf6 25. Bxb6 d4 26. Bc5 Rfd8 27. Qf3 Ne7 28. Bxe7 Qxe7 29. Rc7 Rd7 30. Rhc1 d3 31. Rxd7 Qxd7 32. Rc7 Qd5 33. Qxd5 exd5 34. Kc1 Re8 35. Kd2 Re2+ 36. Kxd3 Rxb2 37. Nd4 Rxg2 38. Rc2 Rg4 39. Nc6 Rxf4 40. Nxa5 Rh4 41. Ke3 Be5 42. Nc6 Rh3+ 43. Ke2 Rxh2+ 44. Kd3 Rh3+ 45. Ke2 Bf6 46. b4 h5 47. a5 h4 48. a6 Ra3 49. a7 Bd4 50. Nxd4 Rxa7 51. Kf3 Ra3+ 52. Kg4 Rd3 53. Nc6 h3 1/2-1/2

[Event "Alberta-ch"]
[Site "Calgary CAN"]
[Date "2000.04.23"]
[Round "7"]
[White "Gardner, Robert"]
[Black "Huber, Gregory"]
[Result "1/2-1/2"]
[WhiteElo "2310"]
[BlackElo "2335"]
[PlyCount "127"]
[GameId "2160767911724612"]
[EventDate "2000.04.20"]
[EventType "tourn"]
[EventRounds "7"]
[EventCountry "CAN"]

1. e4 c5 2. Nf3 e6 3. d4 cxd4 4. Nxd4 a6 5. Bd3 g6 6. O-O Bg7 7. Be3 Ne7 8. c3 O-O 9. Nd2 Nbc6 10. Nc4 d5 11. Nxc6 bxc6 12. Nb6 Rb8 13. Nxc8 Qxc8 14. Qe2 a5 15. Ba7 Ra8 16. Bc5 Qc7 17. f4 dxe4 18. Bxe4 Rfd8 19. Qf2 Nd5 20. c4 Nb4 21. Kh1 Nd3 22. Bxd3 Rxd3 23. Rad1 Qd7 24. Rxd3 Qxd3 25. b3 Rd8 26. Bb6 Bd4 27. Bxd4 Rxd4 28. h3 Qc3 29. Qf3 Qxf3 30. Rxf3 Rd1+ 31. Kh2 Kf8 32. Re3 Ke7 33. Re5 a4 34. Ra5 axb3 35. axb3 Rd4 36. Ra7+ Ke8 37. Rc7 Rd3 38. Rb7 h5 39. h4 c5 40. g3 Rd2+ 41. Kh3 Rd3 42. Kg2 Rd2+ 43. Kf3 Rd3+ 44. Ke4 Rxg3 45. Ke5 Rd3 46. Kf6 Rd4 47. Re7+ Kd8 48. Rxf7 Rxf4+ 49. Kxe6 Rxh4 50. Kd6 Ke8 51. Rg7 Rh3 52. Rxg6 Rxb3 53. Kxc5 h4 54. Rh6 h3 55. Kc6 Kf7 56. c5 Kg7 57. Rh4 Kg6 58. Kd7 Kg5 59. Rh8 Rd3+ 60. Ke7 Rc3 61. Kd6 Kg4 62. c6 Kg3 63. c7 h2 64. Kd7 1/2-1/2

[Event "Alberta-ch"]
[Site "Calgary CAN"]
[Date "2000.04.23"]
[Round "7"]
[White "Haessel, Dale"]
[Black "Hughey, Micah"]
[Result "1-0"]
[WhiteElo "2305"]
[BlackElo "2080"]
[PlyCount "79"]
[GameId "2160767911724613"]
[EventDate "2000.04.20"]
[EventType "tourn"]
[EventRounds "7"]
[EventCountry "CAN"]

1. c4 e6 2. g3 d5 3. cxd5 exd5 4. Bg2 Nf6 5. Nf3 c5 6. d4 Nc6 7. O-O Be7 8. dxc5 O-O 9. Bg5 Bxc5 10. Qc2 Be7 11. Nc3 Be6 12. Rfd1 Rc8 13. e4 Qa5 14. exd5 Nxd5 15. Nxd5 Bxd5 16. Qf5 Bxf3 17. Qxa5 Nxa5 18. Bxe7 Bxd1 19. Bxf8 Kxf8 20. Rxd1 Rc2 21. b4 Nc6 22. a3 Ke7 23. Bh3 Ra2 24. Rd7+ Kf6 25. Rxb7 Rxa3 26. Bd7 Nd8 27. Rc7 Ne6 28. Rb7 Nd8 29. Rb8 Ne6 30. Ra8 Nc7 31. Rb8 h5 32. Rb7 Ne6 33. Be8 g5 34. Rxf7+ Ke5 35. Bd7 Nd4 36. Kg2 Rb3 37. b5 Kd6 38. Be8 g4 39. Rxa7 Rb1 40. Bxh5 1-0

[Event "Alberta-ch"]
[Site "Calgary CAN"]
[Date "2000.04.23"]
[Round "7"]
[White "Olson, Hans"]
[Black "Odachowski, Arthur"]
[Result "0-1"]
[WhiteElo "2025"]
[BlackElo "2305"]
[PlyCount "60"]
[GameId "2160767911724614"]
[EventDate "2000.04.20"]
[EventType "tourn"]
[EventRounds "7"]
[EventCountry "CAN"]

1. e4 c5 2. Nc3 Nc6 3. f4 g6 4. Nf3 Bg7 5. Bb5 Nd4 6. a4 e6 7. O-O Ne7 8. e5 a6 9. Bc4 d5 10. exd6 Nef5 11. Ne4 Nxd6 12. Nxd6+ Qxd6 13. d3 b6 14. c3 Nc6 15. Qe1 O-O 16. Qh4 Na5 17. Ng5 h6 18. Ne4 Qd8 19. Qh3 Nxc4 20. dxc4 Bb7 21. Nf2 Qc7 22. f5 exf5 23. Bxh6 Bxh6 24. Qxh6 Qc6 25. Qh3 Rfe8 26. b3 Re3 27. g3 Rae8 28. Ra2 g5 29. Nd1 Qh1+ 30. Kf2 Rf3# 0-1

[Event "Alberta-ch"]
[Site "Calgary CAN"]
[Date "2000.04.23"]
[Round "7"]
[White "Yearwood, Roy"]
[Black "Ottosen, David"]
[Result "1-0"]
[WhiteElo "2200"]
[BlackElo "2160"]
[PlyCount "57"]
[GameId "2160767911724615"]
[EventDate "2000.04.20"]
[EventType "tourn"]
[EventRounds "7"]
[EventCountry "CAN"]

1. e4 c5 2. c3 Qa5 3. Nf3 d6 4. Bc4 e6 5. O-O Nf6 6. Re1 Nc6 7. d4 Be7 8. d5 Nd8 9. e5 dxe5 10. dxe6 Bxe6 11. Nxe5 O-O 12. Bg5 Qc7 13. Bd3 Nc6 14. Nxc6 Qxc6 15. Na3 Rad8 16. Qe2 h6 17. Bh4 Rfe8 18. Bb5 Qc8 19. Bxe8 Rxe8 20. Rad1 Bg4 21. f3 Be6 22. c4 g5 23. Bg3 Nh5 24. Nb5 Nxg3 25. hxg3 Qb8 26. Qe5 Qxe5 27. Rxe5 a6 28. Nc7 Bf6 29. Rxe6 1-0

[Event "Alberta-ch Playoff"]
[Site "Calgary CAN"]
[Date "2000.05.20"]
[Round "1"]
[White "Odachowski, Arthur"]
[Black "Yearwood, Roy"]
[Result "1-0"]
[WhiteElo "2304"]
[BlackElo "2219"]
[PlyCount "89"]
[GameId "2160767911711787"]
[EventDate "2000.05.20"]
[EventType "tourn"]
[EventRounds "6"]
[EventCountry "CAN"]
[SourceTitle "EXT 2017"]
[Source "ChessBase"]
[SourceDate "2016.10.25"]
[SourceVersion "1"]
[SourceVersionDate "2016.10.25"]
[SourceQuality "1"]

1. d4 e6 2. c4 Nf6 3. Nc3 Bb4 4. Qc2 d5 5. a3 Be7 6. e3 O-O 7. Nf3 b6 8. Be2 dxc4 9. O-O Bb7 10. Bxc4 Nbd7 11. e4 c5 12. d5 exd5 13. exd5 Bd6 14. Re1 Re8 15. Rxe8+ Qxe8 16. Bg5 Ne5 17. Bxf6 Nxf3+ 18. gxf3 gxf6 19. Ne4 Qe5 20. Nxd6 Qxd6 21. Qe4 Kh8 22. Kh1 Qe5 23. Rg1 Rg8 24. Rg3 Rg6 25. Bd3 Rh6 26. Kg2 Bxd5 27. Qg4 Rg6 28. Bxg6 hxg6 29. Rh3+ Kg7 30. Qh4 Kf8 31. Qa4 a5 32. Rh8+ Kg7 33. Qh4 Qg5+ 34. Qxg5 fxg5 35. Rb8 g4 36. Rxb6 Bxf3+ 37. Kg3 a4 38. Rb5 Kf6 39. Rxc5 Ke6 40. h3 f5 41. hxg4 fxg4 42. Rc4 Bd1 43. Kf4 Kd5 44. Rb4 Ke6 45. Kg5 1-0

[Event "Alberta-ch Playoff"]
[Site "Calgary CAN"]
[Date "2000.05.20"]
[Round "2"]
[White "Ottosen, David"]
[Black "Odachowski, Arthur"]
[Result "0-1"]
[WhiteElo "2183"]
[BlackElo "2304"]
[PlyCount "84"]
[GameId "2160767911711788"]
[EventDate "2000.05.20"]
[EventType "tourn"]
[EventRounds "6"]
[EventCountry "CAN"]
[SourceTitle "EXT 2017"]
[Source "ChessBase"]
[SourceDate "2016.10.25"]
[SourceVersion "1"]
[SourceVersionDate "2016.10.25"]
[SourceQuality "1"]

1. g3 c5 2. Bg2 g6 3. c3 Bg7 4. d3 Nc6 5. Na3 e6 6. Nh3 Nge7 7. Be3 d6 8. f4 Rb8 9. Ng5 b5 10. Qd2 b4 11. Nc4 bxc3 12. bxc3 d5 13. Ne5 Nxe5 14. fxe5 d4 15. Bf4 Nd5 16. Ne4 dxc3 17. Nxc3 Nxf4 18. Qxf4 O-O 19. Ne4 Bb7 20. Rc1 Qa5+ 21. Kf2 Bxe4 22. Qxe4 Rb4 23. Qc6 Bxe5 24. Rc2 Qa3 25. Bf3 Bd4+ 26. Kg2 Rb2 27. Rxb2 Qxb2 28. Qa4 Kg7 29. h4 h5 30. Qxa7 c4 31. Rb1 Qxb1 32. Qxd4+ Kg8 33. Qxc4 Rb8 34. a4 Qe1 35. Qc5 Rb1 36. Kh2 Qb4 37. Qxb4 Rxb4 38. Bc6 Rb2 39. Kg2 Rxe2+ 40. Kf3 Rc2 41. Bb5 Kg7 42. a5 Rc5 0-1

[Event "Alberta-ch Playoff"]
[Site "Calgary CAN"]
[Date "2000.05.21"]
[Round "3"]
[White "Yearwood, Roy"]
[Black "Ottosen, David"]
[Result "1-0"]
[WhiteElo "2219"]
[BlackElo "2183"]
[PlyCount "63"]
[GameId "2160767911711789"]
[EventDate "2000.05.20"]
[EventType "tourn"]
[EventRounds "6"]
[EventCountry "CAN"]
[SourceTitle "EXT 2017"]
[Source "ChessBase"]
[SourceDate "2016.10.25"]
[SourceVersion "1"]
[SourceVersionDate "2016.10.25"]
[SourceQuality "1"]

1. e4 e5 2. Nf3 d6 3. d4 Nf6 4. dxe5 Nxe4 5. Bc4 Nc5 6. Ng5 Ne6 7. Nxe6 Bxe6 8. Bxe6 fxe6 9. Nc3 d5 10. Qg4 Qd7 11. O-O Nc6 12. Qg3 O-O-O 13. Ne2 h6 14. Be3 g5 15. c3 Bg7 16. Bd4 Rdf8 17. Nc1 Rf5 18. Nd3 h5 19. f4 g4 20. Nc5 Qf7 21. Qd3 Bh6 22. Be3 Rf8 23. Nxb7 Bxf4 24. Rxf4 Rxf4 25. Nc5 Rc4 26. b3 Nxe5 27. Qe2 Qe7 28. bxc4 Nxc4 29. Nb3 Nxe3 30. Qxe3 Qg7 31. Qxe6+ Kb8 32. Nd4 1-0

[Event "Alberta-ch Playoff"]
[Site "Calgary CAN"]
[Date "2000.05.21"]
[Round "4"]
[White "Odachowski, Arthur"]
[Black "Ottosen, David"]
[Result "1-0"]
[WhiteElo "2304"]
[BlackElo "2183"]
[PlyCount "55"]
[GameId "2160767911711790"]
[EventDate "2000.05.20"]
[EventType "tourn"]
[EventRounds "6"]
[EventCountry "CAN"]
[SourceTitle "EXT 2017"]
[Source "ChessBase"]
[SourceDate "2016.10.25"]
[SourceVersion "1"]
[SourceVersionDate "2016.10.25"]
[SourceQuality "1"]

1. d4 Nf6 2. c4 g6 3. Nc3 Bg7 4. e4 d6 5. Be2 O-O 6. Nf3 e5 7. O-O Nc6 8. d5 Ne7 9. Ne1 Nd7 10. Nd3 f5 11. Bd2 Nf6 12. f3 f4 13. g4 fxg3 14. hxg3 Nh5 15. Kg2 c6 16. a4 cxd5 17. cxd5 Bf6 18. Rh1 Bd7 19. Be3 Be8 20. Qg1 Nc8 21. Qh2 Bg5 22. f4 exf4 23. Nxf4 Qe7 24. Bg4 Qg7 25. Raf1 Nf6 26. Ne6 Nxg4 27. Qxh7+ Qxh7 28. Rxf8# 1-0

[Event "Alberta-ch Playoff"]
[Site "Calgary CAN"]
[Date "2000.05.22"]
[Round "5"]
[White "Ottosen, David"]
[Black "Yearwood, Roy"]
[Result "0-1"]
[WhiteElo "2183"]
[BlackElo "2219"]
[PlyCount "94"]
[GameId "2160767911711791"]
[EventDate "2000.05.20"]
[EventType "tourn"]
[EventRounds "6"]
[EventCountry "CAN"]
[SourceTitle "EXT 2017"]
[Source "ChessBase"]
[SourceDate "2016.10.25"]
[SourceVersion "1"]
[SourceVersionDate "2016.10.25"]
[SourceQuality "1"]

1. e4 e6 2. d4 d5 3. Nc3 Bb4 4. Nge2 Nf6 5. e5 Nfd7 6. a3 Be7 7. b4 a5 8. b5 c5 9. Bf4 Qc7 10. Na4 cxd4 11. Nxd4 Nb6 12. Nxb6 Qxb6 13. Be3 Qc7 14. f4 Qc3+ 15. Kf2 Nd7 16. Qg4 O-O 17. Bd3 f5 18. Qe2 Nc5 19. Rhd1 Bd7 20. Nf3 Rfc8 21. a4 Ne4+ 22. Kf1 Be8 23. Bd4 Qc7 24. c4 dxc4 25. Bxe4 fxe4 26. Qxe4 Bg6 27. Qe3 c3 28. Rdc1 c2 29. Qb3 Qc4+ 30. Qxc4 Rxc4 31. Be3 Bb4 32. Ke2 Rd8 33. Ng5 Bd3+ 34. Kf3 Re8 35. Nh3 Be4+ 36. Kf2 Rd8 37. Ng5 Bf5 38. Nf3 Rd3 39. Ra2 Rd1 40. Raa1 Rxc1 41. Bxc1 Bc5+ 42. Ke2 Re4+ 43. Kd2 Rxf4 44. Bb2 h6 45. Bc3 b6 46. Re1 Rxa4 47. Re2 Ba3 0-1

[Event "Alberta-ch Playoff"]
[Site "Calgary CAN"]
[Date "2000.05.22"]
[Round "6"]
[White "Yearwood, Roy"]
[Black "Odachowski, Arthur"]
[Result "0-1"]
[WhiteElo "2219"]
[BlackElo "2304"]
[PlyCount "78"]
[GameId "2160767911711792"]
[EventDate "2000.05.20"]
[EventType "tourn"]
[EventRounds "6"]
[EventCountry "CAN"]
[SourceTitle "EXT 2017"]
[Source "ChessBase"]
[SourceDate "2016.10.25"]
[SourceVersion "1"]
[SourceVersionDate "2016.10.25"]
[SourceQuality "1"]

1. Nf3 c5 2. g3 g6 3. Bg2 Bg7 4. d3 Nc6 5. O-O d6 6. e4 e6 7. Re1 Nge7 8. c3 e5 9. Nbd2 O-O 10. Nf1 b5 11. Be3 b4 12. h3 Qa5 13. Qd2 bxc3 14. bxc3 Bd7 15. Bh6 f6 16. Bxg7 Kxg7 17. Ne3 Be6 18. Qc1 Rab8 19. Nd2 Qc7 20. Nd5 Qd7 21. Kh2 Bg8 22. Ne3 Be6 23. f4 exf4 24. gxf4 f5 25. Nd5 fxe4 26. dxe4 Nd8 27. Nxe7 Qxe7 28. Nf3 Qf6 29. Kg3 Nf7 30. h4 h6 31. Re2 Rbe8 32. Nh2 g5 33. hxg5 hxg5 34. Rf2 Nh6 35. f5 Nxf5+ 36. exf5 Qe5+ 37. Kg4 Bxf5+ 38. Rxf5 Qxf5+ 39. Kh5 Rh8# 0-1

[Event "Alberta-ch U20"]
[Site "Edmonton CAN"]
[Date "2000.11.03"]
[Round "1"]
[White "Olson, Hans"]
[Black "Haynes, Nicolas"]
[Result "0-1"]
[WhiteElo "1982"]
[BlackElo "1950"]
[PlyCount "62"]
[GameId "2160767911635767"]
[EventDate "2000.11.03"]
[EventType "tourn"]
[EventRounds "6"]
[EventCountry "CAN"]

1. e4 Nc6 2. Nc3 Nf6 3. Nf3 e5 4. Bc4 Bc5 5. d3 h6 6. O-O O-O 7. Be3 Bb6 8. Nd5 d6 9. Nxb6 axb6 10. h3 Na5 11. Nd2 Nxc4 12. Nxc4 Be6 13. Nd2 d5 14. exd5 Nxd5 15. Nf3 Qf6 16. d4 e4 17. Nd2 Qg6 18. Kh2 f5 19. Nc4 f4 20. Ne5 Qf5 21. Bd2 Qg5 22. c4 Ne7 23. Bb4 c5 24. Ba3 f3 25. gxf3 Qh4 26. Ng4 h5 27. d5 Bd7 28. Nh6+ gxh6 29. Rg1+ Kh8 30. Qf1 Rxf3 31. Rg3 Raf8 0-1

[Event "Alberta-ch U20"]
[Site "Edmonton CAN"]
[Date "2000.11.05"]
[Round "5"]
[White "Haynes, Nicolas"]
[Black "Nguyen, Kim"]
[Result "1-0"]
[WhiteElo "1950"]
[BlackElo "2041"]
[PlyCount "71"]
[GameId "2160767911635768"]
[EventDate "2000.11.03"]
[EventType "tourn"]
[EventRounds "6"]
[EventCountry "CAN"]

1. d4 Nf6 2. Bg5 Ne4 3. h4 c5 4. d5 Qb6 5. Qc1 g6 6. Nf3 Bg7 7. c3 d6 8. Nbd2 Nxd2 9. Nxd2 e6 10. Nc4 Qc7 11. e4 b5 12. Ne3 Qb7 13. Be2 e5 14. Ng4 f5 15. exf5 Bxf5 16. Qd2 Nd7 17. h5 c4 18. h6 Bf8 19. Ne3 Nc5 20. Nxf5 gxf5 21. Bh5+ Kd7 22. Bf7 Kc7 23. f3 Kb6 24. Be6 Nxe6 25. dxe6 Rg8 26. b3 cxb3 27. axb3 a5 28. c4 d5 29. e7 Bxe7 30. Bxe7 Qxe7 31. Qxd5 Qb4+ 32. Kf1 Rge8 33. Rc1 Rad8 34. c5+ Kc7 35. Qf7+ Kb8 36. c6 1-0

[Event "Arnprior op"]
[Site "Arnprior CAN"]
[Date "2000.05.06"]
[Round "1"]
[White "Ottosen, David"]
[Black "Wasmund, Michael"]
[Result "1-0"]
[WhiteElo "2161"]
[BlackElo "1550"]
[PlyCount "61"]
[GameId "2160767911716160"]
[EventDate "2000.05.06"]
[EventType "swiss"]
[EventRounds "5"]
[EventCountry "CAN"]
[SourceTitle "Albertabase"]
[SourceDate "2003.08.17"]
[SourceVersion "1"]
[SourceVersionDate "2003.08.17"]
[SourceQuality "1"]

1. e4 d6 2. d4 Nf6 3. Nc3 g6 4. Be3 Bg7 5. f3 a6 6. Qd2 b5 7. Bd3 Nc6 8. O-O-O Rb8 9. Nge2 Nb4 10. Nf4 Nxd3+ 11. Qxd3 c6 12. h4 b4 13. Nce2 e5 14. dxe5 Nxe4 15. Qxe4 d5 16. Nxd5 cxd5 17. Rxd5 Qe7 18. Bc5 Bf5 19. Qxf5 gxf5 20. Bxe7 Kxe7 21. Nd4 Rhc8 22. Rd1 Kf8 23. Nxf5 b3 24. axb3 Re8 25. f4 Kg8 26. Nxg7 Kxg7 27. R1d3 Kg6 28. g4 h5 29. f5+ Kg7 30. g5 Rb4 31. c4 1-0

[Event "Arnprior op"]
[Site "Arnprior CAN"]
[Date "2000.05.06"]
[Round "2"]
[White "Simic, Radoslav"]
[Black "Ottosen, David"]
[Result "1/2-1/2"]
[WhiteElo "2284"]
[BlackElo "2161"]
[PlyCount "159"]
[GameId "2160767911716161"]
[EventDate "2000.05.06"]
[EventType "swiss"]
[EventRounds "5"]
[EventCountry "CAN"]
[SourceTitle "Albertabase"]
[SourceDate "2003.08.17"]
[SourceVersion "1"]
[SourceVersionDate "2003.08.17"]
[SourceQuality "1"]

1. Nf3 e6 2. g3 b6 3. Bg2 Bb7 4. d3 f5 5. O-O Nf6 6. Nbd2 Be7 7. b3 O-O 8. Bb2 Qe8 9. e4 fxe4 10. Ng5 Na6 11. Ngxe4 Nxe4 12. Nxe4 Rb8 13. Qg4 Qf7 14. Rae1 Nc5 15. d4 Nxe4 16. Bxe4 Bxe4 17. Rxe4 Bd6 18. f4 Qf5 19. Qe2 b5 20. Re1 a5 21. a3 Qd5 22. Qd3 Qa8 23. R4e2 a4 24. b4 Qd5 25. Rc1 Qh5 26. c4 c6 27. Rce1 Qf5 28. Qc3 Rf7 29. Kg2 Rbf8 30. Bc1 Rf6 31. d5 exd5 32. cxb5 cxb5 33. Bb2 Rg6 34. Kh1 Qg4 35. Qd3 Qf5 36. Qxb5 h5 37. Be5 Qf7 38. Bxd6 Rxd6 39. Re7 Qf5 40. R7e5 Qg4 41. Qe2 Qxe2 42. R1xe2 d4 43. Rxh5 Rc8 44. Rc5 Rxc5 45. bxc5 Rd5 46. Rd2 Kf7 47. Kg2 Ke6 48. Kf3 Rxc5 49. Ke4 Rc3 50. Rd3 d5+ 51. Kxd4 Rc4+ 52. Ke3 Re4+ 53. Kf3 Kd6 54. g4 Kc5 55. h4 Kc4 56. Rd2 Re7 57. Re2 Rf7 58. f5 d4 59. Kf4 d3 60. Re4+ Kc3 61. Re1 d2 62. Rd1 Kc2 63. Rh1 Re7 64. Rh2 Kc1 65. Rxd2 Kxd2 66. g5 Kd3 67. h5 Re4+ 68. Kg3 Kd4 69. f6 gxf6 70. g6 Re1 71. Kf2 Re5 72. h6 Rh5 73. g7 Rxh6 74. g8=Q Kc3 75. Qg4 Rh2+ 76. Ke3 Kb2 77. Qb4+ Ka2 78. Qxa4 Rh3+ 79. Kf2 Rxa3 80. Qc2+ 1/2-1/2

[Event "Arnprior op"]
[Site "Arnprior CAN"]
[Date "2000.05.06"]
[Round "3"]
[White "Ottosen, David"]
[Black "Gould, Charles"]
[Result "0-1"]
[WhiteElo "2161"]
[BlackElo "2021"]
[PlyCount "54"]
[GameId "2160767911716162"]
[EventDate "2000.05.06"]
[EventType "swiss"]
[EventRounds "5"]
[EventCountry "CAN"]
[SourceTitle "Albertabase"]
[SourceDate "2003.08.17"]
[SourceVersion "1"]
[SourceVersionDate "2003.08.17"]
[SourceQuality "1"]

1. e4 d5 2. exd5 Nf6 3. c4 e6 4. d4 Bb4+ 5. Nc3 exd5 6. Nf3 O-O 7. Bd3 Be6 8. cxd5 Nxd5 9. O-O Bxc3 10. bxc3 Nxc3 11. Qc2 Nxa2 12. Rxa2 Bxa2 13. Qxa2 Nc6 14. Qb1 Nxd4 15. Bxh7+ Kh8 16. Nxd4 Qxd4 17. Be3 Qd7 18. Qe4 Qd8 19. Qf5 Qh4 20. Qd7 Kxh7 21. Qxc7 b6 22. g3 Qf6 23. Rb1 Qf5 24. Rb4 Rad8 25. Rh4+ Kg8 26. Qxa7 Qf3 27. Bd4 Qd1+ 0-1